al-Sūq al-Afrīqīyah al-mushtarakah. (Record no. 46036)

MARC details
000 -LEADER
fixed length control field 00607cam a22002411 4500
001 - CONTROL NUMBER
control field ne 63001298
003 - CONTROL NUMBER IDENTIFIER
control field DLC
005 - DATE AND TIME OF LATEST TRANSACTION
control field 20260227111747.0
008 - FIXED-LENGTH DATA ELEMENTS--GENERAL INFORMATION
fixed length control field 890420s1962 xx b 000 0 ara
010 ## - LIBRARY OF CONGRESS CONTROL NUMBER
LC control number ne 63001298
035 ## - SYSTEM CONTROL NUMBER
System control number (OCoLC)23487182
040 ## - CATALOGING SOURCE
Original cataloging agency DLC
Transcribing agency MiU
Modifying agency CU
-- DLC
042 ## - AUTHENTICATION CODE
Authentication code premarc
043 ## - GEOGRAPHIC AREA CODE
Geographic area code f------
050 00 - LIBRARY OF CONGRESS CALL NUMBER
Classification number HC502
Item number .N2
100 1# - MAIN ENTRY--PERSONAL NAME
Personal name Naghash, Muḥammad.
245 13 - TITLE STATEMENT
Title al-Sūq al-Afrīqīyah al-mushtarakah.
260 ## - PUBLICATION, DISTRIBUTION, ETC.
Date of publication, distribution, etc. [1962?]
300 ## - PHYSICAL DESCRIPTION
Extent 56 p.
Other physical details map.
Dimensions 24 cm.
500 ## - GENERAL NOTE
General note Romanized.
651 #0 - SUBJECT ADDED ENTRY--GEOGRAPHIC NAME
Geographic name Africa
General subdivision Economic conditions
700 1# - ADDED ENTRY--PERSONAL NAME
Personal name Miṣrī, Yaḥyá.

No items available.

Powered by Koha